[Event "Bad Woerishofen op"]
[Site "?"]
[Date "2001.??.??"]
[Round "1"]
[White "Sand, Rolf"]
[Black "Haering, Walter-Georg"]
[Result "1-0"]
[WhiteElo "2113"]
[BlackElo "1500"]
[Annotator "ChessOrg"]
[PlyCount "47"]
[EventDate "2000.??.??"]

1. d4 {D15: Damengambit (Slawische Verteidigung)} 1... d5 2. c4 c6 3. Nf3 Nf6
4. Nc3 Bf5 5. cxd5 cxd5 6. Qb3 b6 7. Bg5 {letzter Buchzug} 7... e6 8. e3 Be7 9.
Bb5+ 9... Nbd7 $2 (9... Nfd7 $142 10. Bxe7 10... Qxe7 $14) 10. Ne5 $18 10...
O-O 11. Nc6 (11. Bxd7 $142 11... h6 12. Bh4 $18) 11... Qe8 $16 12. O-O (12. g4
Be4 13. Nxe4 13... dxe4 $16) 12... Nb8 (12... Bd6 $5 $11 $142) 13. Nxa7 (13.
Nxb8 Qxb8 14. Bc6 Qd8 15. Bxa8 15... Qxa8 $18) 13... Nfd7 (13... Qd8 14. Nc6
Nxc6 15. Bxc6 $16) 14. Bxe7 Qxe7 15. Nc6 Qd6 16. Qb4 16... Qc7 $2 (16... Qxb4
$142 17. Nxb4 17... Nf6 $16) 17. Ne7+ Kh8 18. Nxf5 exf5 19. Nxd5 Qd8 20. Rfc1
Na6 (20... Ra5 21. a4 $18) 21. Qd6 Nab8 (21... Ra7 22. Ne7 Qb8 23. Nxf5 $18)
22. Rc7 Ra5 23. a4 (23. Rxd7 $6 23... Nxd7 24. Bxd7 Ra7 25. Nxb6 25... Ra6 $18)
23... Re8 (23... f4 24. Nxf4 Nf6 25. Qxd8 Rxd8 26. Rxf7 26... Ra8 $18) 24. Rac1
(24. Rac1 Rxb5 25. axb5 $18) (24. Bxd7 $142 24... Nxd7 25. Rxd7 25... Qa8 $18)
1-0

[Event "Bad Woerishofen op"]
[Site "Bad Woerishofen"]
[Date "2001.??.??"]
[Round "3"]
[White "Sand, Rolf"]
[Black "Abhau, Jochen"]
[Result "1/2-1/2"]
[WhiteElo "2113"]
[BlackElo "2282"]
[Annotator "ChessOrg"]
[PlyCount "60"]
[EventDate "1998.03.05"]
[Source "ChessBase"]
[SourceDate "1998.04.29"]

1. d4 {E15: Damenindisch (Hauptfortsetzung, Abweichungen)} 1... e6 2. c4 Nf6 3.
Nf3 b6 4. g3 Ba6 5. b3 d5 6. cxd5 exd5 7. Bg2 Bb4+ 8. Bd2 Bd6 9. O-O 9... Qe7 {
letzter Buchzug} 10. Nc3 O-O 11. Re1 Bb7 12. Nb5 c5 13. Nxd6 (13. Nh4 13... Qe6
$14) 13... Qxd6 $11 14. Bf4 Qe7 15. Rc1 Nbd7 16. Ne5 (16. e3 16... Ne4 $11)
16... Qe6 17. Nxd7 Nxd7 18. dxc5 Nxc5 19. b4 Ne4 20. Rc7 Bc6 21. Bxe4 (21. Qd4
21... Rfc8 $14) 21... dxe4 $11 22. Qd6 Qxd6 23. Bxd6 Rfc8 24. Rxc8+ Rxc8 25.
Rc1 b5 26. f3 f5 27. fxe4 fxe4 28. Kf2 Kf7 29. Ke3 Ke6 30. Bf4 Kd7 1/2-1/2

[Event "Bad Woerishofen op"]
[Site "Bad Woerishofen"]
[Date "2001.??.??"]
[Round "5"]
[White "Sand, Rolf"]
[Black "Willin, Bernhard"]
[Result "1/2-1/2"]
[WhiteElo "2113"]
[BlackElo "1700"]
[Annotator "ChessOrg"]
[PlyCount "78"]
[EventDate "1998.03.05"]
[Source "ChessBase"]
[SourceDate "1998.04.29"]

1. d4 {E18: Damenindisch (Hauptfortsetzung)} 1... Nf6 2. c4 e6 3. Nf3 b6 4. g3
Bb7 5. Bg2 d5 6. O-O Be7 7. Nc3 O-O 8. cxd5 Nxd5 9. Nxd5 Bxd5 10. Qc2 10... Na6
{letzter Buchzug} 11. a3 c5 12. e4 Bb7 13. Rd1 cxd4 14. Nxd4 Qc8 15. Qe2 Rd8
16. Bf4 Bc5 17. Rac1 Qd7 18. Nb5 Qe8 19. b4 Bf8 20. Bd6 (20. Rxd8 Rxd8 21. Nxa7
21... e5 $16) 20... Bc6 (20... e5 $5 $14) 21. Rxc6 $1 $16 21... Qxc6 22. e5 Qc8
23. Bxa8 (23. Bxf8 Rxd1+ 24. Qxd1 24... Qxf8 $18) 23... Qxa8 24. Bxf8 Rxf8 25.
Rd7 Rc8 (25... Nb8 $5 26. Rxa7 26... Qd5 $16) 26. Qd2 $18 26... h6 (26... Rf8
27. Rxa7 Qc6 28. Qe2 $18 (28. Rxa6 $6 28... Qxb5 29. Ra7 29... Qxe5 $14)) 27.
Qf4 (27. Nxa7 27... Rf8 $18) 27... Rf8 28. Nd6 (28. Nxa7 $143 28... Nb8 29. Rc7
29... Na6 $16) 28... Qd5 29. Rxf7 Rxf7 30. Qxf7+ Kh7 31. h4 (31. Qxa7 $5 31...
Qxe5 32. Qxb6 Qa1+ 33. Kg2 33... Qxa3 $18) 31... Qxe5 $16 32. Ne8 Nb8 33. Nc7
Qa1+ (33... Qf5 $5 $142 34. Qxe6 Qxe6 35. Nxe6 35... Kg6 $16) 34. Kg2 $18 34...
Qxa3 $4 (34... a5 $142 35. Nxe6 35... Qf6 $18) 35. Nxe6 Qc3 36. Nf8+ Kh8 37.
Ng6+ Kh7 38. Nf8+ (38. Ne7 $142 38... Qc6+ 39. Kh2 $18) 38... Kh8 $16 39. Ng6+
(39. h5 $5 $142 39... Qc8 40. Ng6+ Kh7 41. Qxa7 $18) 39... Kh7 $11 1/2-1/2

[Event "Bad Woerishofen op"]
[Site "?"]
[Date "2001.??.??"]
[Round "1"]
[White "Sanna, Giuseppe"]
[Black "Camilleri, Stephen"]
[Result "0-1"]
[WhiteElo "1620"]
[BlackElo "2084"]
[Annotator "ChessOrg"]
[PlyCount "42"]
[EventDate "2000.??.??"]

1. e4 {B43: Sizilianisch (Paulsen-Variante)} 1... c5 2. Nf3 e6 3. d4 cxd4 4.
Nxd4 a6 5. Be2 Nf6 6. Nc3 Qc7 7. O-O Nc6 8. a4 Be7 9. Be3 O-O 10. Qd2 {
letzter Buchzug} 10... d6 (10... Bb4 11. Nxc6 dxc6 12. f3 $11) 11. Rfb1 Bd7 12.
b4 Nxd4 13. Bxd4 Rac8 14. Rc1 $4 (14. Rb3 $11 $142) 14... e5 $19 15. Nd5 (15.
Ra3 exd4 16. Qxd4 16... Rfe8 $19) 15... Nxd5 16. exd5 (16. Bxe5 Nf6 17. Bxf6
17... Bxf6 $19 (17... gxf6 $6 18. Ra3 $17)) 16... exd4 17. Bd3 Bf6 18. Qe2 (18.
b5 axb5 19. Bxb5 Bxb5 20. axb5 20... Rfe8 $19) 18... Rfe8 19. Qh5 g6 20. Qf3
Bg7 21. h4 (21. b5 21... a5 $19) 21... h5 (21... h5 22. b5 22... a5 $19) 0-1

[Event "Bad Woerishofen op"]
[Site "Bad Woerishofen"]
[Date "2001.??.??"]
[Round "3"]
[White "Sanna, Giuseppe"]
[Black "Gossmann, Ewald"]
[Result "1/2-1/2"]
[WhiteElo "1620"]
[BlackElo "2014"]
[Annotator "ChessOrg"]
[PlyCount "49"]
[EventDate "1998.03.05"]
[Source "ChessBase"]
[SourceDate "1998.04.29"]

1. e4 {C78: Spanische Partie (Archangelsk- und Moeller-Variante)} 1... e5 2.
Nf3 Nc6 3. Bb5 a6 4. Ba4 Bc5 5. O-O Nf6 6. Re1 b5 7. Bb3 O-O 8. c3 d6 9. h3
9... h6 {letzter Buchzug} 10. d3 Re8 11. Be3 Bxe3 12. Rxe3 d5 13. Bc2 (13. exd5
Nxd5 14. Bxd5 14... Qxd5 $11) 13... Bb7 14. Nbd2 dxe4 (14... d4 $5 15. Re1
15... Qd6 $15) 15. Nxe4 $11 15... Nxe4 16. dxe4 (16. Rxe4 16... Qd6 $14) 16...
Qe7 $11 17. Qe2 Rad8 18. Rd3 Rxd3 19. Bxd3 Qc5 20. a3 Rd8 21. Rd1 Qe7 22. Bc2
Rxd1+ 23. Qxd1 Na5 24. Nd2 c5 25. Qe2 1/2-1/2

[Event "Bad Woerishofen op"]
[Site "Bad Woerishofen"]
[Date "2001.??.??"]
[Round "5"]
[White "Sanna, Giuseppe"]
[Black "Schwab, Rolf"]
[Result "0-1"]
[WhiteElo "1620"]
[BlackElo "1800"]
[Annotator "ChessOrg"]
[PlyCount "109"]
[EventDate "1998.03.05"]
[Source "ChessBase"]
[SourceDate "1998.04.29"]

1. e4 {B76: Sizilianisch (Moderne Drachen-Variante)} 1... c5 2. Nf3 d6 3. d4
cxd4 4. Nxd4 Nf6 5. Nc3 g6 6. f3 Bg7 7. Be3 O-O 8. Qd2 d5 9. exd5 {
letzter Buchzug} 9... Nxd5 10. Nxd5 Qxd5 11. c4 Qd8 12. Rd1 e5 13. Nb5 Qxd2+
14. Rxd2 Nc6 (14... Na6 15. Bd3 $14) 15. Bd3 (15. Nc7 $5 15... Rb8 16. Bc5 $16)
15... Nd4 16. Nc7 Rb8 17. Kf2 a6 18. b4 Bd7 19. Rb1 Rfc8 20. Nd5 Rd8 21. Bg5
Re8 22. Nf6+ Bxf6 23. Bxf6 Re6 24. Bh4 Bc6 25. Bg3 (25. Re1 25... Kg7 $14)
25... Rbe8 (25... Rd8 26. Rbd1 $14) 26. Rbb2 (26. Re1 $5 $16) 26... f6 27. b5
axb5 28. cxb5 Bd5 29. a4 Ra8 30. Rb4 g5 31. Bc4 Bxc4 32. Rxc4 Kf7 (32... Rd6
33. Ke3 $11) 33. Ke1 Rd6 34. Kd1 (34. Bf2 $5 $14) 34... Ke6 $11 35. Bf2 Nf5 36.
Kc2 Rxd2+ 37. Kxd2 Nd6 38. Rb4 Kd5 39. Kc3 h5 40. h4 g4 41. fxg4 (41. Kd3 $5
$15) 41... Ne4+ $17 42. Rxe4 Kxe4 43. Kb4 $2 (43. gxh5 $5 $142 43... Rxa4 44.
Bc5 $19) 43... hxg4 $19 44. h5 Kd5 45. h6 f5 46. Bh4 Rh8 47. Bg5 f4 48. a5 f3
49. gxf3 gxf3 50. Be3 50... Rxh6 $3 51. b6 (51. Bxh6 51... f2 $19) 51... Rh7 (
51... Rh2 52. a6 bxa6 53. b7 Rb2+ 54. Kc3 Rxb7 55. Bg1 $19) 52. Kb5 (52. Kc3
52... e4 $19) 52... Ke4 (52... Rh2 $5 53. Kb4 $19) 53. Bc5 Kd3 54. a6 bxa6+ 55.
Kxa6 0-1

[Event "Bad Woerishofen op"]
[Site "Bad Woerishofen"]
[Date "2001.??.??"]
[Round "8"]
[White "Sanna, Giuseppe"]
[Black "Sponagel, Gunter"]
[Result "1-0"]
[WhiteElo "1620"]
[BlackElo "1500"]
[Annotator "ChessOrg"]
[PlyCount "95"]
[EventDate "1998.03.05"]
[Source "ChessBase"]
[SourceDate "1998.04.29"]

1. e4 {C09: Franzoesische Verteidigung (Tarrasch-Variante)} 1... e6 2. d4 d5 3.
Nd2 c5 4. exd5 exd5 5. Ngf3 Nc6 6. Bb5 a6 7. Bxc6+ bxc6 8. dxc5 {
letzter Buchzug} 8... Bxc5 9. Nb3 Qe7+ 10. Qe2 Qxe2+ 11. Kxe2 Bb6 12. Re1 f6
13. Kf1+ Kf7 14. Be3 Bxe3 15. Rxe3 (15. fxe3 $143 15... Bf5 $11) 15... Ne7 16.
Nfd4 (16. Rae1 Nf5 17. R3e2 17... a5 $14) 16... Nf5 17. Re2 (17. Rc3 Nxd4 18.
Nxd4 18... Bd7 $11) 17... Nxd4 $11 18. Nxd4 Bd7 19. Rae1 Rhe8 20. Rxe8 Rxe8 21.
Rxe8 Kxe8 22. Ke2 Ke7 23. b4 Kd6 24. Nb3 Bc8 25. Ke3 Bd7 26. Kd4 g6 27. Na5 Bc8
28. c4 dxc4 29. Nxc4+ Kc7 30. a3 Bd7 31. Kc5 Be8 (31... h5 32. Nd6 $14) 32. Nd2
(32. Nd6 $5 32... Bd7 33. Ne4 $18) 32... f5 33. Nc4 Bd7 (33... Bf7 34. Nd6 Bd5
35. Ne8+ Kb7 36. g3 $14) 34. Ne5 $16 34... Be8 35. h4 h6 (35... f4 36. Ng4 $16)
36. f4 36... Kb7 $2 (36... h5 37. g3 $18) 37. a4 (37. Kd6 $142 37... a5 38. Ke7
$18) 37... Kc7 38. a5 38... Kb7 $2 (38... h5 39. g3 39... Kd8 $18) 39. Kd6 $18
39... c5 (39... Kc8 40. Ke7 c5 41. bxc5 41... Bb5 $18) 40. bxc5 g5 (40... Ba4
41. Nxg6 41... h5 $18) 41. hxg5 hxg5 42. fxg5 Ba4 43. g6 Bb3 (43... Ka8 44. Nc4
Bb3 45. Nb6+ Ka7 46. c6 Bc2 47. g7 Bb3 48. c7 Be6 49. Kxe6 f4 50. c8=Q f3 51.
Qc7#) 44. g7 (44. c6+ Ka8 45. Kd7 Bd5 46. c7 Bb7 47. g7 Bc8+ 48. Kxc8 f4 49.
Kd7 f3 50. g8=Q+ Kb7 51. Qb8#) 44... f4 (44... Ka7 45. Nc6+ Ka8 46. Ne7 Ka7 47.
Nd5 f4 48. g8=Q Bxd5 49. Qxd5 Kb8 50. Qb3+ Kc8 51. c6 f3 52. Qg8#) 45. c6+ Kc8
(45... Ka7 46. Nd7 Bf7 47. c7 Kb7 48. Nb6 Be6 49. g8=Q Bxg8 50. c8=Q+ Ka7 51.
Qc7#) 46. c7 f3 (46... Kb7 47. Nd7 Bd5 48. Nb6 Ka7 49. Kxd5 f3 50. g8=Q fxg2
51. Qb8#) 47. gxf3 (47. Nd7 Be6 48. g8=Q+ Bxg8 49. Nb6+ Kb7 50. c8=Q+ Ka7 51.
Qc7#) 47... Bg8 (47... Kb7 48. Nd7 Bd5 49. Nb6 Ka7 50. Kxd5 Kb7 51. c8=Q+ Ka7
52. Qc7#) 48. Nc6 (48. Nc6 Be6 49. g8=Q+ Bxg8 50. Ne7+ Kb7 51. c8=Q+ Ka7 52.
Nc6#) 1-0

[Event "Bad Woerishofen op"]
[Site "?"]
[Date "2001.??.??"]
[Round "1"]
[White "Santl, Anton"]
[Black "Forster, Gabriele"]
[Result "1-0"]
[WhiteElo "2206"]
[BlackElo "1800"]
[Annotator "ChessOrg"]
[PlyCount "35"]
[EventDate "2000.??.??"]

1. Nf3 {E06: Katalanisch} 1... e6 2. c4 Nf6 3. g3 b6 4. Bg2 Bb7 5. O-O Be7 6.
d4 d5 7. Ne5 c6 8. Nc3 O-O 9. e4 9... c5 {letzter Buchzug} 10. exd5 exd5 11.
dxc5 Ne4 (11... Bxc5 $5 12. Bg5 12... Qc7 $16) 12. Nxd5 Nxc5 13. Re1 13... Ne6
$2 (13... Bd6 $18 $142) 14. Nxf7 $1 (14. Nxe7+ $6 14... Qxe7 15. Bxb7 15...
Qxb7 $18) 14... Qd7 (14... Kxf7 15. Qh5+ $18) 15. Ne5 Qd8 16. Qg4 Bc8 (16...
Nc5 17. b4 (17. Nxe7+ $143 17... Qxe7 18. Bxb7 18... Nxb7 $18) 17... Re8 18.
bxc5 Bxc5 19. Bg5 $18) 17. Bh6 (17. Nxe7+ $142 17... Qxe7 18. Bxa8 Nf4 19. Qxf4
Rxf4 20. Bxf4 20... h6 $18) 17... Ng5 (17... Bd6 18. Nf4 Qf6 19. Bxa8 Nxf4 20.
Qxf4 gxh6 21. Qxf6 21... Rxf6 $18) 18. Qxc8 $1 (18. Qxc8 gxh6 19. Qxd8 Bxd8 20.
Nf4 $18) 1-0

[Event "Bad Woerishofen op"]
[Site "Bad Woerishofen"]
[Date "2001.??.??"]
[Round "3"]
[White "Santl, Anton"]
[Black "Wachweger, Albrecht"]
[Result "1-0"]
[WhiteElo "2206"]
[BlackElo "1900"]
[Annotator "ChessOrg"]
[PlyCount "41"]
[EventDate "1998.03.05"]
[Source "ChessBase"]
[SourceDate "1998.04.29"]

1. Nf3 {E65: Koenigsindisch (Jugoslawische Variante)} 1... Nf6 2. c4 c5 3. g3
g6 4. Bg2 Bg7 5. O-O O-O 6. Nc3 Nc6 7. d4 cxd4 8. Nxd4 d6 9. Nxc6 bxc6 10. Bxc6
Rb8 11. Bg2 Qa5 12. Nb5 12... Be6 {letzter Buchzug} 13. Bd2 Qa6 14. b3 d5 (
14... Rbc8 $5 15. e4 d5 16. exd5 16... Bxd5 $16) 15. Nc7 $18 15... Qc8 16. Nxd5
Bxd5 17. cxd5 (17. Bxd5 $6 17... Nxd5 18. cxd5 Bxa1 19. Qxa1 19... Qh3 $16)
17... Re8 (17... Qf5 18. Rc1 $18) 18. e4 Qa6 19. Bf4 Rb4 20. Qe1 Rb6 21. Bc7 (
21. Bc7 Rb7 22. Be5 $18) 1-0

[Event "Bad Woerishofen op"]
[Site "Bad Woerishofen"]
[Date "2001.??.??"]
[Round "5"]
[White "Santl, Anton"]
[Black "Rolle, Eric"]
[Result "1-0"]
[WhiteElo "2206"]
[BlackElo "2113"]
[Annotator "ChessOrg"]
[PlyCount "85"]
[EventDate "1998.03.05"]
[Source "ChessBase"]
[SourceDate "1998.04.29"]

1. Nf3 {E05: Katalanisch} 1... d5 2. c4 e6 3. g3 Nf6 4. Bg2 Be7 5. O-O O-O 6.
d4 dxc4 7. Nc3 Nc6 8. e4 Rb8 9. Qa4 {letzter Buchzug} 9... Nb4 (9... Nxd4 10.
Qxa7 Nxf3+ 11. Bxf3 $15) 10. Be3 (10. Qxa7 $5 10... Bd7 11. Ne5 $11) 10... b5
$1 $17 11. Qd1 (11. Qxb5 Rxb5) 11... Nd3 12. Ne1 (12. Ne5 Nxe5 (12... Nxb2 $143
13. Qe2 b4 14. Qxb2 $14) 13. dxe5 Qxd1 14. Nxd1 14... Ng4 $17) 12... b4 $17 13.
Na4 Bd7 (13... Ba6 14. Nxd3 cxd3 15. Re1 $17) 14. Nxd3 $15 14... cxd3 15. Re1 (
15. b3 e5 16. dxe5 Ng4 17. Qxd3 Bxa4 18. Qxd8 Rfxd8 19. bxa4 19... c5 $15)
15... Bb5 (15... Bc6 16. f3 Bb5 17. b3 $15) 16. Nc5 (16. b3 16... Rc8 $15)
16... Bxc5 $17 17. dxc5 Qe7 18. Qd2 a5 19. Rac1 e5 20. f3 h6 (20... Rfd8 21.
Bf1 $17) 21. Bh3 (21. a3 21... Rfd8 $17) 21... c6 22. Bf5 Ne8 23. h4 g6 24. Bh3
h5 25. g4 (25. a3 $15 $142) 25... Qxh4 $19 26. Kg2 hxg4 27. Bxg4 f5 (27... Qe7
$5 28. Rcd1 $19) 28. Bg5 $17 28... Qh7 29. Rh1 Qf7 (29... fxg4 30. Rxh7 gxf3+
31. Kg3 Kxh7 32. Qh2+ Kg8 33. Rh1 $18) 30. exf5 gxf5 31. Bh5 Qe6 (31... Qg7 32.
Rcg1 Rf6 33. Kf1 $18) 32. Rcg1 $2 (32. Bh6 Rf7 33. Bxf7+ Kxf7 34. a4 Bxa4 35.
Ra1 Qg6+ 36. Qg5 $17) 32... Ng7 $19 (32... Qxa2 33. Bh6 Ng7 34. Bxg7 $18) 33.
Kf2 f4 (33... Qxa2 34. Bh6 e4 35. Bxg7 e3+ 36. Qxe3 Qf7 37. Bf6+ Qg6 38. Rxg6+
Kh7 39. Qh6#) (33... Nxh5 34. Bh6+ Kf7 35. Bxf8 Rxf8 36. Rxh5 $15) 34. Bh4 (34.
Bh6 $1 34... Rb7 35. Bg6 $11) 34... Rb7 $17 35. Bg4 (35. Bg5 35... a4 $17)
35... Qd5 36. b3 (36. Kg2 $5 $17) 36... Qxc5+ $19 37. Kf1 37... Qe3 $4 (37...
Re8 $19 $142) 38. Be6+ $18 38... Rff7 39. Bf6 (39. Bxf7+ Rxf7 40. Rg2 Qxf3+ 41.
Kg1 41... e4 $19) 39... Qxf3+ (39... Qxd2 $4 40. Rxg7+ Kf8 41. Rh8#) 40. Ke1
Qe4+ 41. Kd1 Qxh1 (41... Qf3+ 42. Kc1 Qxh1 43. Rxh1 43... a4 $18) 42. Rxh1 Nxe6
(42... Bc4 43. Qh2 Bxb3+ 44. axb3 Nh5 45. Qxh5 e4 46. Qh8#) 43. Rh8# 1-0

[Event "Bad Woerishofen op"]
[Site "Bad Woerishofen"]
[Date "2001.??.??"]
[Round "7"]
[White "Santl, Anton"]
[Black "Sailer, Wolfgang"]
[Result "1/2-1/2"]
[WhiteElo "2206"]
[BlackElo "2123"]
[Annotator "ChessOrg"]
[PlyCount "74"]
[EventDate "1998.03.05"]
[Source "ChessBase"]
[SourceDate "1998.04.29"]

1. Nf3 {D75: Gruenfeld-Verteidigung (3.g3)} 1... Nf6 2. c4 g6 3. g3 Bg7 4. Bg2
O-O 5. O-O d5 6. cxd5 Nxd5 7. Nc3 Nxc3 8. bxc3 c5 9. d4 cxd4 10. cxd4 Nc6 11.
Bb2 {letzter Buchzug} 11... Qb6 12. Qd2 Rd8 13. Bc3 (13. e3 $5 $11) 13... Nxd4
$17 14. Nxd4 Bxd4 (14... Rxd4 $143 15. Bxd4 Bxd4 16. Rad1 $16) 15. Bxd4 Qxd4
16. Qxd4 Rxd4 17. Rfd1 Rxd1+ 18. Rxd1 Be6 19. Bxb7 Rb8 20. Bd5 Rd8 21. e4 Bxd5
22. Rxd5 Rxd5 23. exd5 Kg7 24. f4 Kf6 (24... e6 25. dxe6 fxe6 26. Kf2 $11) 25.
Kf2 e5 26. dxe6 (26. Ke3 exf4+ 27. Kxf4 27... Ke7 $14) 26... Kxe6 $11 27. Ke3
Kd5 28. g4 h6 29. h4 f6 30. Kd3 h5 (30... a6 $5 $11 $142) 31. f5 $16 31... hxg4
32. fxg6 Ke6 33. h5 f5 34. h6 Kf6 35. g7 Kf7 36. Ke3 g3 37. Kf3 f4 1/2-1/2

[Event "Bad Woerishofen op"]
[Site "Bad Woerishofen"]
[Date "2001.??.??"]
[Round "9"]
[White "Santl, Anton"]
[Black "Straub, Peter"]
[Result "1-0"]
[WhiteElo "2206"]
[BlackElo "2068"]
[Annotator "ChessOrg"]
[PlyCount "65"]
[EventDate "1998.03.05"]
[Source "ChessBase"]
[SourceDate "1998.04.29"]

1. Nf3 {A30: Englische Eroeffnung (Symmetrische Variante)} 1... c5 2. c4 Nc6 3.
g3 g6 4. Bg2 Bg7 5. O-O 5... Nd4 {letzter Buchzug} 6. Nxd4 cxd4 7. d3 e6 8. b4
Ne7 9. Nd2 d5 10. a4 h5 11. Bb2 h4 12. e3 hxg3 13. hxg3 e5 (13... Nf5 14. Nb3
$15) 14. exd4 exd4 15. Nb3 dxc4 16. dxc4 Nf5 17. Re1+ Kf8 18. Bd5 Nh6 (18...
Qf6 $5 $14 $142) 19. Bxd4 $16 19... Bg4 $2 (19... Nf5 20. Qf3 Qc7 21. Bc5+ Kg8
22. Re8+ Kh7 23. Qh1+ 23... Nh6 $18) 20. Bxg7+ $18 20... Kxg7 21. Qd4+ Kg8 (
21... Kh7 22. a5 $18) 22. Nd2 (22. Bxb7 $5 $142 22... Qxd4 23. Nxd4 23... Rb8
$18) 22... Bf5 (22... Be6 23. Ne4 Nf5 24. Qb2 Bxd5 25. cxd5 $18) 23. Ne4 Bxe4
24. Rxe4 Nf5 25. Qc3 Qg5 (25... Nd6 26. Qf3 26... Qf8 $18) 26. Rae1 Rf8 27. Re8
Qh5 28. Qf6 Qh2+ 29. Kf1 Qh3+ 30. Bg2 Qh2 (30... Qh6 31. g4 31... Qh4 $18) 31.
Rxf8+ Kxf8 32. Rd1 Ng7 (32... Qh1+ 33. Bxh1 Rxh1+ 34. Ke2 Rxd1 35. Kxd1 35...
Ne7 $18) 33. Rd7 (33. Rd7 Qxg2+ 34. Kxg2 Rh2+ 35. Kxh2 Kg8 36. Qxf7+ Kh7 37.
Qxg7#) 1-0

[Event "Bad Woerishofen op"]
[Site "?"]
[Date "2001.??.??"]
[Round "1"]
[White "Sawadkuhi, Massoud"]
[Black "Hamlack, Heinz"]
[Result "1-0"]
[WhiteElo "2322"]
[BlackElo "1916"]
[Annotator "ChessOrg"]
[PlyCount "49"]
[EventDate "2000.??.??"]

1. e4 {C10: Franzoesische Verteidigung (Rubinstein-Variante)} 1... e6 2. d4 d5
3. Nc3 Be7 4. e5 4... c5 {letzter Buchzug} 5. dxc5 Nc6 6. Nf3 Bxc5 7. Bd3 a6 8.
O-O Nge7 9. Bf4 h6 10. h4 Bd7 11. a3 b5 (11... Qc7 12. Bh2 $15) 12. b4 (12. Qd2
12... Qc7 $11) 12... Ba7 13. Ne2 Rc8 14. c3 g6 (14... Ng6 $5 $142 15. Bg3 Bb8
16. Bxg6 16... fxg6 $11) 15. a4 $16 15... Rb8 16. axb5 axb5 17. Qd2 Qc7 (17...
Nf5 18. Bxf5 gxf5 19. Ng3 $16) 18. Bxh6 Nc8 (18... Rb7 19. Bg7 Rh7 20. Bf6 $16)
19. Bg7 Rh5 20. Qf4 20... f5 $4 (20... N6e7 $18 $142) 21. exf6 Qxf4 22. Bxg6+
Kd8 23. Nxf4 Rf5 (23... Rxh4 24. Nxh4 Nd6 25. Rfe1 $18) 24. Bxf5 exf5 (24...
Nd6 25. Bxe6 Bxe6 26. Nxe6+ 26... Kd7 $18) 25. f7 (25. f7 Kc7 26. f8=Q $18) 1-0

[Event "Bad Woerishofen op"]
[Site "Bad Woerishofen"]
[Date "2001.??.??"]
[Round "5"]
[White "Sawadkuhi, Massoud"]
[Black "Pflug, Matthias"]
[Result "0-1"]
[WhiteElo "2322"]
[BlackElo "2177"]
[Annotator "ChessOrg"]
[PlyCount "80"]
[EventDate "1998.03.05"]
[Source "ChessBase"]
[SourceDate "1998.04.29"]

1. e4 {C02: Franzoesische Verteidigung (Vorstossvariante)} 1... c5 2. c3 e6 3.
d4 d5 4. e5 Nc6 5. Be3 Nh6 6. Nf3 Nf5 7. Qd2 {letzter Buchzug} 7... cxd4 8.
cxd4 Be7 9. Nc3 f6 10. exf6 Bxf6 11. Bb5 Nxe3 12. Qxe3 O-O 13. O-O Nxd4 14.
Nxd4 e5 15. Nde2 d4 16. Qe4 dxc3 17. Bc4+ Kh8 18. Nxc3 Qd2 19. Bd3 g6 20. Qb4
Bg7 21. Rad1 Qf4 22. Qb3 Rb8 23. Ne2 (23. f3 23... b6 $14) 23... Qf6 $11 24.
Ng3 e4 (24... Be6 $5 25. Bc4 Bxc4 26. Qxc4 26... Rbc8 $11) 25. Nxe4 Qxb2 26.
Qa4 Bf5 27. Ng5 Qf6 28. Nf3 a6 29. Bxf5 Qxf5 30. Rd7 (30. Rfe1 30... Rbc8 $11)
30... g5 (30... b5 $5 31. Qd1 31... Rbe8 $15) 31. h3 b5 32. Qg4 (32. Qd1 32...
Bf6 $11) 32... Qxg4 33. hxg4 Rf4 34. Rfd1 (34. Nxg5 Rxg4 35. Nf7+ 35... Kg8 $11
) 34... h6 $15 35. R1d6 Ra4 36. Rg6 Rg8 37. Ne5 $2 (37. Rd2 Kh7 38. Re6 Rxg4
39. Rxa6 Ra4 40. Rxa4 40... bxa4 $11) 37... Rxa2 $17 38. Rc6 $4 (38. Nf7+ Kh7
39. Re6 $15) 38... Ra1+ $19 39. Kh2 Bxe5+ 40. g3 (40. f4 Bg7 (40... Bxf4+ $6
41. g3 Ra2+ 42. Kh3 $19) 41. f5 41... Re8 $19) 40... Bg7 (40... Bg7 41. Kg2
41... b4 $19) 0-1

[Event "Bad Woerishofen op"]
[Site "?"]
[Date "2001.??.??"]
[Round "1"]
[White "Schaefer, Michael"]
[Black "Theussl, Manfred"]
[Result "1-0"]
[WhiteElo "2208"]
[BlackElo "1836"]
[Annotator "ChessOrg"]
[PlyCount "93"]
[EventDate "2000.??.??"]

1. d4 {A40: Verschiedene (seltene) Antworten auf 1.d4} 1... e6 2. c4 Bb4+ 3.
Bd2 Qe7 4. g3 f5 5. Bg2 Nf6 6. Qc2 {letzter Buchzug} 6... O-O 7. Nc3 c5 8. d5
d6 9. dxe6 Bxe6 10. a3 Ba5 11. Nd5 Bxd5 12. cxd5 Bxd2+ 13. Qxd2 Na6 14. Nh3 Nc7
15. O-O (15. Rd1 15... Rae8 $11) 15... Ne4 16. Qd3 Rae8 17. Rad1 b5 18. Nf4 g5
19. Ne6 Nxe6 20. dxe6 c4 21. Qd5 Qxe6 22. Bxe4 fxe4 23. Qxg5+ Kh8 24. Qxb5 Rb8
25. Qc6 (25. Qa6 Rxb2 26. Rxd6 26... Qf7 $16) 25... Rb6 $14 26. Qc7 Rfb8 27.
Rd4 Rc8 (27... d5 $5 $16) 28. Qxa7 $18 28... Rxb2 29. Rfd1 Rd8 30. Qc7 Rc8 31.
Qxd6 Qxd6 32. Rxd6 c3 33. Rd8+ Rxd8 34. Rxd8+ Kg7 35. Rc8 c2 36. Kg2 Kf6 37. a4
Ke5 38. a5 Kd4 39. a6 Ra2 40. a7 e3 41. Rxc2 Rxa7 42. f3 Ra1 43. f4 Rd1 44. Ra2
Re1 45. Ra4+ Kd5 46. Kf3 Rh1 47. h4 (47. h4 Rb1 48. Kxe3 $18) 1-0

[Event "Bad Woerishofen op"]
[Site "Bad Woerishofen"]
[Date "2001.??.??"]
[Round "3"]
[White "Schaefer, Michael"]
[Black "Sammut Briffa, Peter"]
[Result "1-0"]
[WhiteElo "2208"]
[BlackElo "2000"]
[Annotator "ChessOrg"]
[PlyCount "77"]
[EventDate "1998.03.05"]
[Source "ChessBase"]
[SourceDate "1998.04.29"]

1. d4 {E61: Koenigsindisch (Abweichungen der Hauptvariante)} 1... Nf6 2. c4 g6
3. Nc3 Bg7 4. Nf3 O-O 5. Bf4 d6 6. h3 Nbd7 7. e3 c6 8. Be2 Qa5 9. O-O 9... e5 {
letzter Buchzug} 10. Bh2 a6 11. a3 e4 12. Nd2 d5 13. b4 Qd8 14. a4 Re8 15. b5
Nf8 16. bxc6 bxc6 17. Nb3 Ne6 18. a5 h5 19. Na4 Nd7 20. Qd2 f5 21. Rfc1 Bh6 22.
cxd5 cxd5 23. Nbc5 Ndxc5 24. Nxc5 Qf6 25. Be5 Qh4 26. Qa2 26... f4 $4 (26...
Qd8 $16 $142) 27. Qxd5 $18 27... fxe3 28. Bg3 exf2+ 29. Bxf2 Qg5 30. Qxe4 (30.
Qc6 Bd7 31. Nxd7 31... e3 $18) 30... Ra7 (30... Nc7 31. Bc4+ Kh8 32. Qc6 $18)
31. Bc4 (31. Nxe6 Bxe6 32. Rc8 Rae7 33. Rxe8+ 33... Rxe8 $18) 31... Rae7 32.
Re1 Kh7 33. Bh4 (33. Bxe6 $5 33... Rxe6 34. Nxe6 34... Rxe6 $18) 33... Nxc5 34.
Qxe7+ Rxe7 35. Rxe7+ Qxe7 36. Bxe7 Be3+ 37. Kf1 Bxd4 (37... Ne4 38. Bd3 38...
Bb7 $18) 38. Rd1 Be3 39. Ke2 (39. Ke2 h4 40. Kxe3 $18) 1-0